Mexican government in transition

Salvato in:
Dettagli Bibliografici
Autore principale: Scott, Robert E (Autore)
Natura: Libro
Lingua:inglese
Pubblicazione: Urbana University of Illinois 1964
Soggetti:
Tags: Aggiungi Tag
Nessun Tag, puoi essere il primo ad aggiungerne!!

MARC

LEADER 00000nam a2200000 a 4500
001 UCT7135
003 CL-VaPUC
008 970116e19640000US |||||||||||||||||eng|d
082 0 4 |a 320.472  |b SCO  |2 21 
100 0 |a Scott, Robert E  |e author  |9 377870 
245 1 0 |a Mexican government in transition 
300 |a 345 p 
942 |c BK 
945 |d 19970116 00:00:00  |a paguirre 
260 |a Urbana  |b University of Illinois  |c 1964 
650 0 |a Gobierno   |9 255508 
650 7 |a REVOLUCIONES POLITICAS  |2 CL-VaPUC  |9 377871 
650 0 |a Partidos políticos  |9 254999 
650 7 |a PRESIDENCIA  |2 CL-VaPUC  |9 341215 
650 0 |a Poder político  |9 255509 
650 0 |a Poder ejecutivo  |9 255177 
650 0 |a Democracia  |9 255256 
651 0 |a México  |9 255269 
583 |a last modification  |c 19970116 00:00:00  |k Rodrigo Vera 
999 |c 255795  |d 255793 
952 |0 0  |1 0  |4 0  |6 320_472000000000000_SCO_1964  |7 0  |8 P  |9 278218  |a BIBDER  |b BIBDER  |d 2019-11-19  |i 1806637  |o 320.472 SCO 1964  |p 1806637  |r 2023-01-25  |w 2019-11-19  |y BK  |k DER